Komparácia demografického vývoja vybraných krajín EU bakalárska práca

Na minha lista:
Detalhes bibliográficos
Autor principal: Lipková, Katarína, 1976-
Autor Corporativo: Národohospodárska fakulta EU. Katedra sociálneho rozvoja a práce
Outros Autores: Husáková, Mária
Formato: Livro
Idioma:eslovaco
Publicado em: Bratislava 2013
Tags: Adicionar Tag
Sem tags, seja o primeiro a adicionar uma tag!

MARC

LEADER 00000nbm a2200000 4500
001 0172662
005 20161109112109.2
041 0 |a slo 
044 |a SK 
245 1 0 |a Komparácia demografického vývoja vybraných krajín EU  |b bakalárska práca  |c Katarína Lipková ; školiteľ: Mária Husáková 
264 1 |a Bratislava  |c 2013 
300 |a 41 s. 
100 1 |a Lipková, Katarína, 1976- 
700 1 |a Husáková, Mária 
710 2 |a Národohospodárska fakulta EU. Katedra sociálneho rozvoja a práce